01028 am a2200313ua 45000010005000000030006000050050017000110080041000280150019000690200017000880200015001050350021001200400024001410500015001650820016001801000027001962450076002232500055002992600035003543000056003893360021004453370025004663380023004915050007005145200126005215210018006475210018006657000031006831986FISKH20240125144238.0010716s1999 enka j| 000 1|eng  aGB99785772bnb a1860399185 : a0439287200 a(StEdNL)E2838241 aStEdNLdUkbengcUk aPZ8.A5486504a821.9142211 aAndreae, Giles,d1966-10aGiraffes can't dance /cGiles Andreae ; illustrated by Guy Parker-Rees. aFirst Scholastic Book Club printing, February 2002 aNew York :bScholastic,c1999. a32 unnumbered pages :bcolor illustrations ;c29 cm atext2rdacontent aunmediated2rdamedia avolume2rdacarrier aM  aGerald the giraffe is too clumsy to dance with all the other animals at the Jungle Dance, until he finds the right music.8 a570 bLexile 8 aM bRaz-Plus 1 aParker-Rees, Guy.eAuthor